Pays champion du monde de : Rugby à 7 - Statistiques

Statistiques générales
  • Ce quiz a été pris 205 fois
  • Le résultat moyen est 4 sur 5
Statistiques - réponses
Médaille d'or Masculin Féminim Pays % Correct
5 3 2 Nouvelle Zélande
98%
2 2 Australie
91%
1 1 Angleterre
90%
3 3 Fidji
87%
1 1 Pays de Galles
63%
Aucun quiz correspondant
Distribution des résultats
% des personnes avec chaque résultat
Percentile par nombre de réponses
Votre historique - résultats
Vous n’avez pas pris ce quiz